Bài tập hình học xạ ảnh

Gồm 200 bài tập chọn lọc về hình học xạ ảnh và phần hướng dẫn cách giải quyết

Guardado en:
Detalles Bibliográficos
Autor principal: Phạm Bình Đô
Formato: Libro
Lenguaje:Vietnamese
Publicado: H. Đại học sư phạm 2006
Edición:In lần thứ 2
Materias:
Etiquetas: Agregar Etiqueta
Sin Etiquetas, Sea el primero en etiquetar este registro!
Thư viện lưu trữ: Mạng thư viện Đại học Đà Nẵng
LEADER 01136nam a2200337 4500
001 000007744
003 3909
005 20111019081053.0
008 111011s2006 viesd
020 |c 24000đ 
041 0 |a vie 
082 |a 516.5  |b PH-Đ 
100 0 |a Phạm Bình Đô 
245 0 |a Bài tập hình học xạ ảnh  |c Phạm Bình Đô 
250 |a In lần thứ 2 
260 |a H.  |b Đại học sư phạm  |c 2006 
300 |a 219tr.  |c 20 cm 
520 |a Gồm 200 bài tập chọn lọc về hình học xạ ảnh và phần hướng dẫn cách giải quyết 
653 |a Bài tập 
653 |a Hình học xạ ảnh 
653 |a Giáo trình 
OWN |a LSP 
AVA |a UDN50  |b LSP  |d 516.5 PH-Đ  |e available  |t Error 5001 Not defined in file expand_doc_bib_avail.  |f 5  |g 0  |h N  |i 0  |k 1 
999 |a From the UDN01 
AVA |a UDN50  |b LSP  |d 516.5 PH-Đ  |e available  |t Error 5001 Not defined in file expand_doc_bib_avail.  |f 5  |g 0  |h N  |i 0  |k 1 
TYP |a Monograph 
TYP |a Printed language 
980 |a Mạng thư viện Đại học Đà Nẵng